| 000 | 00697nam a22001577a 4500 | ||
|---|---|---|---|
| 003 | OSt | ||
| 005 | 20151103102408.0 | ||
| 008 | 151103b xxu||||| |||| 00| 0 eng d | ||
| 040 | _cRUA | ||
| 082 | _aFOR CHH 1996 B122 Or.1 | ||
| 100 |
_93246 _aCHHENG, DARA. |
||
| 245 | _aStudy of biological hopea odorata roxb species at seed forest experiment center (sfec)in bek chan (ការសិក្សាលក្ខណះជីវសាស្រ្តនៃប្រភេទគគីម្សៅនៅមជ្ឈមណ្ឌលពិសោធន៏គ្រាប់ពូជព្រៃឈើបែកចាន) | ||
| 260 |
_aPhnom Penh _bRUA _c1996 |
||
| 300 |
_a80p. _bill. _c29cm. |
||
| 942 |
_2ddc _cFOR |
||
| 999 |
_c3030 _d3030 |
||